000
00287nam a2200109Ia 4500
001
1268564
005
20260417145252.0
008
260417s9999 xx 000 0 und d
020
_a
9786256910706
245
0
_a
İbn Sina ile Uçan Adamın Peşinde
_c
Özkan Öze
260
_b
Ketebe Çocuk
999
_c
1268564
_d
1268564